Statistics for Doja Cat - Planet Her (Deluxe)

Click here to take the quiz!

General Stats

  • This quiz has been taken 95 times
  • The average score is 13 of 19

Answer Stats

Artist(s)Answer% Correct
Doja Cat, SZAKiss Me More
93%
Doja CatWoman
93%
Doja Cat, The WeekndYou Right
89%
Doja Cat, The WeekndYou Right - Extended
89%
Doja Cat, Ariana GrandeI Don't Do Drugs
84%
Doja CatNaked
79%
Doja Cat, Young ThugPayday
77%
Doja CatNeed to Know
73%
Doja CatAin't Sh**
66%
Doja CatAlone
63%
Doja CatGet Into It (Yuh)
61%
Doja Cat, JIDOptions
59%
Doja CatBeen Like This
57%
Doja Cat, EveTonight
57%
Doja CatRide
52%
Doja Cat, GunnaWhy Why
52%
Doja CatLove To Dream
50%
Doja CatUp And Down
50%
Doja CatImagine
48%

Score Distribution

Percentile by Number Answered

Percent of People with Each Score

Your Score History

You have not taken this quiz